000 00456nam a2200157Ia 4500
008 160316s1966 xxu||||| |||| 00| 0 eng d
082 _a344.042320
_bRAM
100 _aRam Moti
245 _aCommentary on the prevention of food adulteration act, 1974
250 _a3rd
260 _aCalcutta
_bEastern Law House
_c1966
300 _a471
_b20 cm
_c
365 _b
650 _a1. Prevention of food adulteration act 1954 - Commentary
700 _aSukhdev
_a
999 _c3445
_d3445